000 00718cam a2200217 i 4500
999 _c57741
_d57741
001 20917174
005 20221107164838.0
008 190404s2019 enk b 001 0 eng d
010 _a 2019938777
020 _a9780198809869x
041 _aeng
080 _a658.4 T-85
100 1 _aTricker, R. Ian
_q(Robert Ian),
_99646
245 1 0 _aCorporate governance :
_bprinciples, policies, and practices /
_cBob Tricker.
250 _aFourth edition.
264 1 _aOxford ;
_aNew York, NY :
_bOxford University Press,
_c[2019].
300 _a537 p.;
_c25 cm.
653 _aკორპორატიული მართვა
653 _aორგანიზაციის მართვა
942 _2udc
_cBK